| 000 | 00855nam a2200205 i 4500 | ||
|---|---|---|---|
| 001 | 87378 | ||
| 003 | ES-MaACL | ||
| 005 | 20230906175646.0 | ||
| 007 | t| | ||
| 008 | 041221s1963 fr ||||1| spa d | ||
| 100 | 1 |
_aJrushchiov, Nikita Sergueevich. _967086 |
|
| 245 | 1 | 3 |
_aKruschef y la cultura _b: la novela, la poesía, la pintura, la música, el cine / _cKruschef. |
| 260 |
_a[París : _bPolyglottes], _c1963. |
||
| 300 |
_a64 p. ; _c26 cm. |
||
| 594 | _aTexto del discurso pronunciado por Kruschev, en la reunión de dirigentes del Partido y del Gobierno, con escritores y artistas, celebrado en el Kremlin el 8 de marzo de 1963. | ||
| 595 | _aSuplemento de: Cuadernos: la revista mensual de América Latina, julio 1963, n. 74. | ||
| 650 | 4 |
_aCultura- _yS.XX. _911520 |
|
| 651 | 4 |
_aRusia- _xVida intelectual. _9171052 |
|
| 852 | 4 |
_aES-MaACL _jC-26598 |
|
| 999 |
_c87378 _d87378 |
||